000 00404nam a2200157Ia 4500
008 230312s9999||||xx |||||||||||||| ||und||
020 _a0-13-488736-0
082 _a005.133
_bSTA-S
100 _aStaugaard;Andrew.C
245 0 _aStructured And Object-Oriented Techniques
260 _bPrentice Hall
_aNew Jersey
_c1997
300 _a770
546 _aEng.
650 _aComputer
_vsuing C++
942 _cBK
999 _c6823
_d6823